| 000 | 01108nam a2200265 a 4500 | ||
|---|---|---|---|
| 001 | 000033253 | ||
| 005 | 20200930070128.0 | ||
| 008 | 090824s1955 dr 000 0 spa d | ||
| 040 |
_aDO-SdBNP _bspa _cBNPHU |
||
| 082 |
_a344.01 _bR426c, 1955 |
||
| 110 | 1 |
_aRepública Dominicana. _9447 |
|
| 240 | 1 | 0 | _a[Código del trabajo] |
| 245 | 1 | 0 | _aCódigo Trujillo de trabajo. |
| 250 | _a2ª ed. | ||
| 260 |
_aCiudad Trujillo, República Dominicana : _bImpresora "Arte y Cine", _c1955. |
||
| 300 |
_a188 p. ; _c23 cm. |
||
| 500 | _aVotado por la ley Nº 2920 del Congreso Nacional, promulgada por el Poder Ejecutivo el 11 de junio de 1951 y publicada en la Gaceta Oficial Nº 7309 bis, del 23 de julio, 1951. | ||
| 650 | 4 |
_aDerecho laboral _xLegislación _zRepública Dominicana _97806 |
|
| 650 | 4 |
_aLegislación laboral _zRepública Dominicana _911733 |
|
| 650 | 4 |
_aLeyes _zRepública Dominicana _93033 |
|
| 651 | 4 |
_aRepública Dominicana _xLey 2920 _916444 |
|
| 710 | 1 |
_aRepública Dominicana. _bSecretaría de Estado de Justicia y Trabajo _958874 |
|
| 910 | _aValidado. Control de calidad EMS | ||
| 049 | _aBNPD | ||
| 999 |
_c32744 _d32744 |
||